Lumineers Lyrics First Names - Statistics

General Stats
  • This quiz has been taken 199 times
  • The average score is 6 of 10
Answer Stats
Clue Name % Correct
Oh _______ You've been on my mind, girl, since the flood Ophelia
97%
I was _________, I was young and an actress Cleopatra
92%
______, I smell it on your breath ______, booze and peppermint Gloria
81%
_______ boy, don't go to war Charlie
80%
You hate the name _____ Donna
75%
Oh ______, it's a long time coming Angela
74%
_____ believed in the American way Jimmy
42%
You hate the name _____ Junior
39%
_______, why'd you leave Please confess, confess to me Elouise
38%
Oh _______ (x4) Darlene
28%
No matching quizzes found
Score Distribution
Percent of People with Each Score
Percentile by Number Answered
Your Score History
You have not taken this quiz